000 00737nam a2200205 4500
005 20250113164005.0
010 _aENG-143341
020 _a9781107601901
_c295.00
035 _aEN-126873
037 _bDBAD
082 _a658.15
100 _aAndersen T. J
_976499
245 _aStrategic Risk Management Practice/
_cby T. J Andersen [and] Peter Winther Schroder
260 _aCambridge
_b Cambridge University Press
_c2011
270 _a Cambridge University Press
_b40 West 20th Street
_eNew York
300 _a245p ;
_c24cm(pb)
650 _aCommonwealth literature (English) -- Bio-bibliography.
_976500
650 _aCommonwealth literature (English) -- Dictionaries.
_976501
942 _2ddc
_cEN
_h658.15
_mAND
999 _c208447
_d208447